Normal view
MARC view
- Forsyth, A David
Entry Personal Name
001 - CONTROL NUMBER
- control field: 123611
003 - CONTROL NUMBER IDENTIFIER
- control field: NUST
005 - DATE AND TIME OF LATEST TRANSACTION
- control field: 20240613102018.0
008 - FIXED-LENGTH DATA ELEMENTS
- fixed length control field: 240613|| aca||aabn | a|a d
040 ## - CATALOGING SOURCE
- Original cataloging agency: NUST
- Transcribing agency: NUST
100 ## - HEADING--PERSONAL NAME
- Personal name: Forsyth, A David
670 ## - SOURCE DATA FOUND
- Source citation: Work cat.: (NUST): Forsyth, A David, Computer Vision:, 2005.
